| 000 | 00958nam a2200289Ia 4500 | ||
|---|---|---|---|
| 003 | IN-BaIIA | ||
| 008 | 211028s9999 xx s 000 0 eng d | ||
| 020 | _a978-3-540-43979-0 (Print) | ||
| 020 | _a978-3-540-45649-0 (Online) | ||
| 022 | _a0075-8450 (Print) | ||
| 022 | _a1616-6361 (Online) | ||
| 040 | _cIIA Library | ||
| 100 |
_aBerthier, Claude, ed. _939987 |
||
| 245 | 0 |
_aHigh Magnetic Fields _h[eBook] |
|
| 260 |
_aHeidelberg, Berlin _bSpringer Berlin Heidelberg _c2001 |
||
| 300 | _aOnline resource | ||
| 490 | _aLecture Notes in Physics | ||
| 650 |
_a Condensed Matter Physics _911089 |
||
| 650 |
_a Magnetism, Magnetic Materials _938435 |
||
| 650 |
_a Metallic Materials _938526 |
||
| 650 | _a Optical and Electronic Materials | ||
| 650 |
_aPhysics _973 |
||
| 700 |
_aLevy, Laurent P., ed. _939988 |
||
| 700 |
_aMartinez, Gerard, ed. _939989 |
||
| 856 |
_uhttp://doi.org/10.1007/3-540-45649-X _yClick Here to Access eBook |
||
| 942 | _cEB | ||
| 999 |
_c21625 _d21625 |
||